Statistics for Stations on Sydney's T3 Line

Click here to take the quiz!

General Stats

  • This quiz has been taken 2 times
  • The average score is 21 of 33

Answer Stats

NumberStation% Correct
20Bankstown
100%
6Central
100%
27Chester Hill
100%
3Circular Quay
100%
33Liverpool
100%
5Museum
100%
19Punchbowl
100%
4St James
100%
1Town Hall
100%
29Villawood
100%
2Wynyard
100%
21Yagoona
100%
16Belmore
50%
24Berala
50%
22Birrong
50%
31Cabramatta
50%
15Campsie
50%
14Canterbury
50%
30Carramar
50%
12Dulwich Hill
50%
13Hurlstone Park
50%
17Lakemba
50%
28Leightonfield
50%
25Lidcombe
50%
11Marrickville
50%
23Regents Park
50%
26Sefton
50%
10Sydenham
50%
32Warwick Farm
50%
18Wiley Park
50%
8Erskineville
0%
7Refern
0%
9St Peters
0%

Score Distribution

Percentile by Number Answered

Percent of People with Each Score

Your Score History

You have not taken this quiz